| LEADER |
00632nam0a2200181 450 |
| 001 |
16823543 |
| 010 |
|
|
|a 978-2-203-09013-2
|b Br.
|d 29
|
| 100 |
|
|
|a 20160127d2026 u u0frey01 ba
|
| 101 |
0 |
|
|a fre
|
| 200 |
0 |
|
|a Histoire fr France en BD
|e Intégrale
|f Dominique Joly, Bruno Heitz
|
| 207 |
|
1 |
|a
|
| 210 |
|
|
|a Tournai (Belgique)
|b 28 Rue des Soeurs Noires.
|c Casterman
|
| 676 |
|
|
|a 944
|
| 700 |
|
0 |
|a Joly
|b Dominique
|f 1953-....
|4 90
|
| 701 |
|
0 |
|a Heitz
|b Bruno
|f 1957-....
|4 440
|
| 900 |
|
|
|a Documentaire jeunesse
|
| 901 |
|
|
|a Accessible au prêt
|
| 995 |
|
|
|a Bibliothèque
|c Bibliothèque
|f 024016687
|h 024016687
|k E 944 JOL
|o p
|q j
|r az
|e Bibliothèque
|